000 00570nam a2200181Ia 4500
008 090124s9999 xx 000 0 und d
082 _b31222
100 _aशेवाळे माधव
245 _a भारतीय चित्रपट
250 _a1
260 _bनीहारा प्रकाशन
_c1993
300 _a173
600 _aशेवाळे माधव
630 _a भारतीय चित्रपट
700 _aशेवाळे माधव
730 _a भारतीय चित्रपट
942 _cBOOK
999 _c97289
_d97289